| 000 | 00537nam a2200205Ia 4500 | ||
|---|---|---|---|
| 005 | 20260429111916.0 | ||
| 008 | 260429s9999||||xx |||||||||||||| ||und|| | ||
| 020 | _a9789360846947 | ||
| 041 | _aEnglish | ||
| 082 |
_a620.5 _bMAY |
||
| 100 | _aMaya, Sheikh | ||
| 245 | 0 |
_aNanowires : _bcomplete handbook / _cSheikh Maya |
|
| 260 |
_aNew Delhi : _bWordpen Academics, _c2025. |
||
| 300 | _aviii, 127 p.; hb | ||
| 650 | _a Nanotechnology | ||
| 650 | _a Nanowires | ||
| 650 | _aEngineering | ||
| 700 | _a Ahamad, Zahra | ||
| 942 | _cTB | ||
| 999 |
_c51381 _d51381 |
||